Slovo Komunistickej strane, ktorá ma učí stať sa človekom

Bibliographic Details
Main Author: Válek, Miroslav, 1927-1991 (Author)
Format: Article
Language:Slovak
Subjects:

MARC

LEADER 00000nab a2200000 a 4500
001 vtls000284868
003 SK-MaSNL
005 20260302220114.0
008 111201c1987 xo 0 slo
015 |a SNBRB19rr/mm-uuuuu 
035 |a CL0294986 
040 |a SNKBUCL  |b slo  |c SNKBUCL  |e AACR2 
041 0 |a slo 
044 |a xo  |c SK 
080 |a 885.4-1  |2 1981 
100 1 |a Válek, Miroslav,  |d 1927-1991  |4 aut  |9 102196 
245 1 0 |a Slovo  |b Komunistickej strane, ktorá ma učí stať sa človekom  |c Miroslav Válek 
650 0 7 |a skladby básnické  |2 snkbucl  |9 922748 
655 7 |a články z novín a časopisov  |2 snkbucl  |9 267496 
655 7 |a články z odboru literárna veda a krásna literatúra  |2 snkbucl  |9 770045 
773 0 |t Mladé rozlety  |g Roč. 1, č. 27 (1987), s. 2 
850 |a Slovenská národná knižnica v Martine  |a MTA001 
852 |a SNK  |b KIS3GCP 
958 |a RK 
958 |a LX 
992 |a RBX 
999 |c 1505437  |d 1507367